Kabale University Library Catalogue

Normal view MARC view
  • Palmer, John M.

Entry Personal Name

Number of records used in: 1

001 - CONTROL NUMBER

  • control field: 6295

003 - CONTROL NUMBER IDENTIFIER

  • control field: OSt

005 - DATE AND TIME OF LATEST TRANSACTION

  • control field: 20201103110900.0

008 - FIXED-LENGTH DATA ELEMENTS

  • fixed length control field: 201103|| aca||aabn | a|a d

040 ## - CATALOGING SOURCE

  • Original cataloging agency: OSt
  • Transcribing agency: OSt

100 ## - HEADING--PERSONAL NAME

  • Personal name: Palmer, John M.
  • Fuller form of name: (John Milton),
  • Dates associated with a name: 1922-

670 ## - SOURCE DATA FOUND

  • Source citation: Work cat.: (OSt)0: Palmer, John M. (John Milton), 1922-, Survey of Communication Disorders /, c1990.

Kabale University Library | Kabale University P.O Box 317, Kabale, Uganda
Tel : +256754017033, +256774661503 E-mail : library@kab.ac.ug